| 000 | 01748nam a2200517 i 4500 | ||
|---|---|---|---|
| 001 | 18043 | ||
| 003 | KOSZ 005 | ||
| 005 | 20191030111418.0 | ||
| 008 | 020718s1978 pl a f |001 0 pol | ||
| 015 | _aPB 1978/8167 | ||
| 035 | _a991018656989705066 | ||
| 035 | _a(PL-WaBN)b15059467-48omnis_nlop | ||
| 035 | _ab15059467 | ||
| 035 | _a(OCoLC)831031315 | ||
| 035 | _a(PL)b0000001505946 | ||
| 035 | _a(EXLNZ-48OMNIS_NETWORK)9910306353605606 | ||
| 040 |
_aWA N _cWA N _dKOSZ 005/EG |
||
| 041 | 1 |
_apol _heng |
|
| 046 | _k1978 | ||
| 080 | _a53 | ||
| 080 | _a(07) | ||
| 100 | 1 |
_aPointon, Anthony John _eAutor |
|
| 245 | 1 | 0 |
_aFizyka dla inżynierów / _cA. J. Poin, D. Elwell ; [z ang. tł. Eugenia Kaczmarek-Morawiec]. |
| 246 | 1 |
_iTyt. oryg.: _aPhysics for electrical engineers, 1970 |
|
| 260 |
_aWarszawa : _bPaństwowe Wydaw. Naukowe, _c1978. |
||
| 300 |
_a454, [1] s. : _bil., tab., wykr., err. ; _c21 cm. |
||
| 336 |
_2rdacontent _aTekst _btxt |
||
| 337 |
_2rdamedia _aBez urządzenia pośredniczącego _bn |
||
| 338 |
_2rdacarrier _aWolumin _bnc |
||
| 380 | _aKsiążki | ||
| 380 | _aPublikacje fachowe | ||
| 388 | _a1901-2000 | ||
| 388 | _a1945-1989 | ||
| 490 | 1 | _aBNI Biblioteka Naukowa Inżyniera | |
| 504 | _aIndeks. | ||
| 650 | 7 |
_aFizyka _2DBN |
|
| 655 | 7 |
_aPodręczniki _2DBN |
|
| 658 | _aFizyka i astronomia | ||
| 700 | 1 |
_aElwell, Dennis _eAutor |
|
| 700 | 1 |
_aKaczmarek-Morawiec, Eugenia _eTłumaczenie |
|
| 710 | 2 | _aPaństwowe Wydawnictwo Naukowe | |
| 830 | 0 | _aBNI Biblioteka Naukowa Inżyniera | |
| 856 |
_uhttp://koha.tu.koszalin.pl/cgi-bin/koha/opac-detail.pl?biblionumber=18043 _yKatalog online BPK |
||
| 942 |
_2UKD _cKS |
||
| 999 |
_c18043 _d18043 |
||